Starch international journal for the investigation, processing and use of carbohydrates and their derivatives

Bibliographic Details
Format: Journal
Language:English
PhysicalDescription:zv. 28 cm
Published: Weinheim Wiley-VCH
ISSN:0038-9056
Online Access:www.starch-journal.de

MARC

LEADER 00000nas a2200000 a 4500
001 vtls008697886
003 SK-MaSNL
005 20260221113236.0
008 060503c19uu9999gw mr p 0 b0eng
022 |a 0038-9056 
030 |a STARDD 
040 |a SNK  |b slo  |c SNK  |e AACR2 
041 0 |a eng 
044 |a gw  |c DE 
245 0 0 |a Starch  |b international journal for the investigation, processing and use of carbohydrates and their derivatives 
246 1 1 |a Stärke 
260 |a Weinheim  |b Wiley-VCH 
300 |a zv.  |c 28 cm 
310 |a 1x mesačne 
500 |a Popis podľa: Vol. 58, no. 1 (Jan. 2006) 
856 4 |u www.starch-journal.de 
910 |a snk 
999 |c 1902  |d 3832 
952 |0 0  |1 1  |4 0  |7 0  |8 2  |a SNK  |b SNK  |d 2013-06-05  |i snk2013/12740  |l 0  |o snkČB 5779/56/2004  |p 17A0869033  |r 2026-02-21 20:41:27  |t č. 1-12  |w 2026-02-21  |y PREZ 
952 |0 0  |1 1  |4 0  |7 0  |8 2  |a SNK  |b SNK  |d 2013-06-05  |i snk2013/12741  |l 0  |o snkČB 5779/57/2005  |p 17A0869034  |r 2026-02-21 20:41:27  |t č. 1-12  |w 2026-02-21  |y PREZ 
952 |0 0  |1 1  |4 0  |7 0  |8 2  |a SNK  |b SNK  |d 2013-06-05  |i snk2013/12742  |l 0  |o snkČB 5779/58/2006  |p 17A0869035  |r 2026-02-21 20:41:27  |t č. 1-12  |w 2026-02-21  |y PREZ 
952 |0 0  |1 1  |4 0  |7 0  |8 2  |a SNK  |b SNK  |d 2013-06-05  |i snk2013/12743  |l 0  |o snkČB 5779/59/2007  |p 17A0869036  |r 2026-02-21 20:41:27  |t č. 1-12  |w 2026-02-21  |y PREZ 
952 |0 0  |1 1  |4 0  |7 0  |8 2  |a SNK  |b SNK  |d 2013-06-05  |i snk2013/12744  |l 0  |o snkČB 5779/60/2008  |p 17A0869037  |r 2026-02-21 20:41:27  |t č. 1-12  |w 2026-02-21  |y PREZ 
952 |0 0  |1 1  |4 0  |7 0  |8 2  |a SNK  |b SNK  |d 2013-06-05  |i snk2013/12745  |l 0  |o snkČB 5779/61/2009  |p 17A0869038  |r 2026-02-21 20:41:27  |t č. 1-12  |w 2026-02-21  |y PREZ 
952 |0 0  |1 1  |4 0  |7 0  |8 2  |a SNK  |b SNK  |d 2013-06-05  |i snk2013/12746  |l 0  |o snkČB 5779/62/2010  |p 17A0869032  |r 2026-02-21 20:41:27  |t č. 1-12  |w 2026-02-21  |y PREZ 
952 |0 0  |1 1  |4 0  |7 0  |8 2  |a SNK  |b SNK  |d 2013-07-16  |i snk2013/16506  |l 0  |o snkČB 5779/55/2003  |p 17A0869053  |r 2026-02-21 21:02:38  |t č. 1-12 + obsah  |w 2026-02-21  |y PREZ